00739nam a2200217Ia 4500003000900000008004100009040001600050080001600066100002900082245011400111260003000225300001000255650004100265650002800306650003000334650002000364650002200384942000700406999001500413952009300428IN-BaIIA211028s9999 xx 000 0 eng d cIIA Library a524.57bDEU aDeul, Erik Ronald915989 0aInterstellar dust and gas in the Milky way M33c S. Debarat  aLiedenbSterrewachtc1988 a242p. aAstronomy and astrophysics thesaurus aInterstellar dust95398 aInterstellar matter91189 aMilky way96712 aPh.D.thesis91344 cBK c9490d9490 00104070aBANbBANcGENd0000-00-00l0o524.57/ DEUp10400r2021-11-05w0000-00-00yBK